| 000 | 00747nam a2200217Ia 4500 | ||
|---|---|---|---|
| 001 | 9807 | ||
| 003 | GE_BSU | ||
| 008 | 181216s||||||||xx |||||||||||||| ||und|| | ||
| 040 | _cGE_BSU | ||
| 080 | _a821.353.1–1+821.353.1-32+821.161.1-1 | ||
| 100 | _aორბელიანი, გრიგოლ. | ||
| 245 | _aსაღამო გამოსალმებისა:თხზულებანი | ||
| 245 | _cრედ.ს. ნარიმანიძე | ||
| 260 | _aთბილისი | ||
| 260 | _bმერანი | ||
| 260 | _c1989 | ||
| 300 | _a493გვ.1ფ.პორტრ.21სმ. | ||
| 653 | _aთხზულებანი | ||
| 653 | _aსაღამო გამოსალმებისა | ||
| 942 | _cBK | ||
| 999 |
_c43087 _d43087 |
||